[Event "GER-ch U08"]
[Site "Willingen"]
[Date "2023.05.31"]
[Round "1"]
[White "Roscher, Simon"]
[Black "Grimm, Jakob"]
[Result "0-1"]
[WhiteElo "1051"]
[BlackElo "1272"]
[PlyCount "96"]
[EventDate "2023.05.30"]
[EventType "swiss"]
[EventRounds "7"]
[EventCountry "GER"]
[SourceTitle "CBM 214 Extra"]
[Source "ChessBase"]
[SourceDate "2023.07.31"]
[SourceVersion "1"]
[SourceVersionDate "2023.07.31"]
[SourceQuality "1"]

1. e4 e5 2. Nc3 Nf6 3. f4 d5 4. fxe5 Nxe4 5. Qf3 Nxc3 6. bxc3 Nc6 7. d4 Be6 8. Bb2 Qd7 9. g3 Bf5 10. Bg2 Bxc2 11. Ne2 Be4 12. Qf2 Bxg2 13. Qxg2 Na5 14. 0-0 Nc4 15. Nf4 Ne3 16. Qf3 Nxf1 17. Rxf1 c6 18. c4 0-0-0 19. Qb3 dxc4 20. Qxc4 Qc7 21. e6 Qb6 22. Rb1 Rxd4 23. Bxd4 Qxb1+ 24. Kf2 Qb5 25. Qc1 Qa4 26. Qd2 c5 27. Be5 c4 28. Nd5 fxe6 29. Nc7 Qd7 30. Qa5 Qc6 31. Nxe6 Qb6+ 32. Qxb6 axb6 33. Nxg7 Bxg7 34. Bxg7 Rg8 35. Ba1 Kd7 36. Ke3 Ra8 37. Ke4 Rxa2 38. Bh8 Rxh2 39. Kf3 b5 40. Ke3 b4 41. Kd4 c3 42. Kc4 c2 43. Kxb4 c1Q 44. Bg7 Rb2+ 45. Bxb2 Qxb2+ 46. Ka4 b6 47. g4 b5+ 48. Ka5 Qa3+ 0-1